Nota Kursus Pengenalan Kepada Penilaian (18 - 22 Julai 1994)

Bibliographic Details
Format: Book
Subjects:
Online Access:http://app.inspen.gov.my:7779/pls/portal/docs/PAGE/CORPORATEPAGES/PORTAL_INSPEN/NOTA_KURSUS/AVO/DQ.PDF

MARC

LEADER 00000cam a2200000 7i4500
001 0000006006
005 20071204.0
040 |a INS 
090 0 0 |a AVO32 
245 0 0 |a Nota Kursus Pengenalan Kepada Penilaian (18 - 22 Julai 1994) 
500 |a Digital document is available on-line; Please click the URL below 
650 0 0 |a Pengenalan Kepada Penilaian 
856 |u http://app.inspen.gov.my:7779/pls/portal/docs/PAGE/CORPORATEPAGES/PORTAL_INSPEN/NOTA_KURSUS/AVO/DQ.PDF 
999 |a AVO0000052   |b BOOK   |c Course Notes   |e Default branch